Tales for the midnight hour / (Record no. 34673)
[ view plain ]
| 000 -LEADER | |
|---|---|
| fixed length control field | 01020cam a22003373a 4500 |
| 001 - CONTROL NUMBER | |
| control field | 12631152 |
| 003 - CONTROL NUMBER IDENTIFIER | |
| control field | OSt |
| 005 - DATE AND TIME OF LATEST TRANSACTION | |
| control field | 20140310184457.0 |
| 008 - FIXED-LENGTH DATA ELEMENTS--GENERAL INFORMATION | |
| fixed length control field | 890925s1989 nyu j 000 0 eng d |
| 010 ## - LIBRARY OF CONGRESS CONTROL NUMBER | |
| LC control number | 2001546163 |
| 020 ## - INTERNATIONAL STANDARD BOOK NUMBER | |
| International Standard Book Number | 0590453432 |
| 035 ## - SYSTEM CONTROL NUMBER | |
| System control number | (OCoLC)ocm20387278 |
| 040 ## - CATALOGING SOURCE | |
| Original cataloging agency | UUC |
| Transcribing agency | UUC |
| Modifying agency | JED |
| -- | DLC |
| -- | WaU |
| -- | DLC |
| 042 ## - AUTHENTICATION CODE | |
| Authentication code | lccopycat |
| 050 ## - LIBRARY OF CONGRESS CALL NUMBER | |
| Classification number | PZ 7 |
| Item number | .St783 1977 |
| 100 1# - MAIN ENTRY--PERSONAL NAME | |
| Personal name | Stamper, Judith Bauer. |
| 9 (RLIN) | 5076 |
| 245 10 - TITLE STATEMENT | |
| Title | Tales for the midnight hour / |
| Statement of responsibility, etc | J.B. Stamper. |
| 260 ## - PUBLICATION, DISTRIBUTION, ETC. (IMPRINT) | |
| Place of publication, distribution, etc | New York : |
| Name of publisher, distributor, etc | Scholastic Inc, |
| Date of publication, distribution, etc | 1977. |
| 300 ## - PHYSICAL DESCRIPTION | |
| Extent | 124 p. : |
| Dimensions | 18 cm. |
| 500 ## - GENERAL NOTE | |
| General note | "13 stories of horror"--Cover. |
| 500 ## - GENERAL NOTE | |
| General note | "An Apple paperback." |
| 521 ## - TARGET AUDIENCE NOTE | |
| Target audience note | |
| 526 ## - STUDY PROGRAM INFORMATION NOTE | |
| Reading level | 650 |
| 541 ## - IMMEDIATE SOURCE OF ACQUISITION NOTE | |
| -- | 1 |
| 650 #0 - SUBJECT ADDED ENTRY--TOPICAL TERM | |
| Topical term or geographic name as entry element | Horror tales |
| Form subdivision | Juvenile. |
| 9 (RLIN) | 28424 |
| 655 #7 - INDEX TERM--GENRE/FORM | |
| Genre/form data or focus term | Horror fiction. |
| Source of term | gsafd |
| 9 (RLIN) | 3405 |
| 710 2# - ADDED ENTRY--CORPORATE NAME | |
| Corporate name or jurisdiction name as entry element | Copyright Paperback Collection (Library of Congress) |
| Institution to which field applies | DLC |
| 9 (RLIN) | 705 |
| 906 ## - LOCAL DATA ELEMENT F, LDF (RLIN) | |
| a | 7 |
| b | cbc |
| c | copycat |
| d | 2 |
| e | ncip |
| f | 20 |
| g | y-genrareb |
| 942 ## - ADDED ENTRY ELEMENTS (KOHA) | |
| Source of classification or shelving scheme | Library of Congress Classification |
| Koha item type | |
| Withdrawn status | Lost status | Source of classification or shelving scheme | Damaged status | Home library | Current library | Shelving location | Date acquired | Total Checkouts | Full call number | Barcode | Date last seen | Copy number | Price effective from | Koha item type |
|---|---|---|---|---|---|---|---|---|---|---|---|---|---|---|
| Library of Congress Classification | Luxembourg Library | Luxembourg Library | Scholastic Reading Center Section | 10/11/2013 | PZ 7 .St783 1977 | LEX2408 | 10/26/2018 | 1 | 10/11/2013 | Books |